Reinforced concrete : (رقم التسجيلة. 29057)
[ عرض عادي ]
| 000 -الفاتح | |
|---|---|
| حقل البيانات ثابتة الطول | 00774nam a22002417a 4500 |
| 003 - محدد رقم الضبط | |
| رقم الضبط | OSt |
| 005 - وقت وتاريخ اخر تعامل مع التسجيلة | |
| رقم الضبط | 20150408114126.0 |
| 008 - عناصر البيانات ثابتة الطول - معلومات عامة | |
| حقل البيانات ثابتة الطول | 130314s 2012enk||||g |||| 00| 0 eng d |
| 020 ## - الرقم الدولى المعيارى للكتب | |
| الرقم الدولى المعيارى للكتاب | 9780273764540 |
| 040 ## - مصدر الفهرسة | |
| وكالة الفهرسة الأصلية | Ma-un |
| 082 ## - رقم تصنيف ديوى العشرى | |
| رقم التصنيف | 624.18341 |
| رقم المادة | WJR |
| 100 ## - المدخل الرئيسى - إسم شخصى | |
| الإسم الشخصى | Wight, James K. |
| 9 (RLIN) | 34332 |
| 245 ## - بيان العنوان | |
| العنوان | Reinforced concrete : |
| بقية العنوان | mechanics and design / |
| بيان المسئوليه,etc | James K. Wight, James G. MacGregor. |
| 250 ## - بيان الطبعة | |
| بيان الطبعة | 6th ed. |
| 260 ## - PUBLICATION, DISTRIBUTION, ETC. (IMPRINT) | |
| مكان الناشر او الموزع | Harlow : |
| اسم الناشر او الموزع | Pearson Education, |
| تاريخ النشر أو التوزيع | 2012. |
| 300 ## - الوصف المادى | |
| التعداد | 1175 p. : |
| تفاصيل ماديه اخرى للوعاء | ill. ; |
| أبعاد الوعاء | 26 cm. |
| 500 ## - تبصرة عامة | |
| تبصرة عامة | "International edition"--cover |
| 504 ## - تبصرة ببليوجرافية | |
| تبصرة ببليوجرافية,الخ | Includes bibliographical references and index. |
| 650 ## - المدخل الاضافى بالموضوع-مصطلح موضوعى | |
| مصطلح موضوعي أو اسم جغرافي كعنصر مدخل | Reinforced concrete construction. |
| 9 (RLIN) | 34333 |
| 650 ## - المدخل الاضافى بالموضوع-مصطلح موضوعى | |
| مصطلح موضوعي أو اسم جغرافي كعنصر مدخل | Reinforced concrete. |
| 9 (RLIN) | 34334 |
| 700 ## - المدخل الاضافى - اسم شخصى | |
| الإسم الشخصى | MacGregor, James G. |
| 9 (RLIN) | 34335 |
| 942 ## - عناصر المدخل الإضافي( كوها) | |
| مصدر التصنيف او مخطط الترفيف | Dewey Decimal Classification |
| Koha [default] item type | كتاب |
| حالة الفقد | نموذج السعر الفعال | حالة تلف | ليس للاعارة | رقم الطلب | رقم النسخة | تاريخ الاكتساب | الموقع الحالي | الباركود | الفرع الرئيسي | Date last checked out | Date last seen | نوع المادة فى نظام كوها | مصدر التصنيف او خطة الترفيف | Total Checkouts | Total Renewals |
|---|---|---|---|---|---|---|---|---|---|---|---|---|---|---|---|
| 2013-03-14 | Not For Loan | 624.18341 WJR | 1 | 2013-03-14 | المكتبة المركزية بالمجمعة (CL) | 00305245 | المكتبة المركزية بالمجمعة (CL) | 2023-11-12 | 2023-12-27 | كتاب | Dewey Decimal Classification | 2 | |||
| 2013-03-14 | 624.18341 WJR | 2 | 2013-03-14 | المكتبة المركزية بالمجمعة (CL) | 00305246 | المكتبة المركزية بالمجمعة (CL) | 2022-01-25 | 2023-03-12 | كتاب | Dewey Decimal Classification | 3 | 1 | |||
| 2013-03-14 | 624.18341 WJR | 3 | 2013-03-14 | المكتبة المركزية بالمجمعة (CL) | 00305247 | المكتبة المركزية بالمجمعة (CL) | 2022-09-07 | 2022-12-01 | كتاب | Dewey Decimal Classification | 6 | ||||
| 2013-03-14 | Not For Loan | 624.18341 WJR | 1 | 2013-03-14 | مكتبة كلية العلوم و الدراسات الإنسانية برماح - طالبات (SRF) | 00305250 | مكتبة كلية العلوم و الدراسات الإنسانية برماح - طالبات (SRF) | 2013-03-14 | كتاب | Dewey Decimal Classification | |||||
| 2013-03-14 | 624.18341 WJR | 2 | 2013-03-14 | مكتبة كلية العلوم و الدراسات الإنسانية برماح - طالبات (SRF) | 00305251 | مكتبة كلية العلوم و الدراسات الإنسانية برماح - طالبات (SRF) | 2013-03-14 | كتاب | Dewey Decimal Classification | ||||||
| 2013-03-14 | Not For Loan | 624.18341 WJR | 1 | 2013-03-14 | مكتبة كلية العلوم و الدراسات الإنسانية برماح - طلاب (SRM) | 00305252 | مكتبة كلية العلوم و الدراسات الإنسانية برماح - طلاب (SRM) | 2013-03-14 | كتاب | Dewey Decimal Classification | |||||
| 2013-03-14 | 624.18341 WJR | 2 | 2013-03-14 | مكتبة كلية العلوم و الدراسات الإنسانية برماح - طلاب (SRM) | 00305253 | مكتبة كلية العلوم و الدراسات الإنسانية برماح - طلاب (SRM) | 2013-03-14 | كتاب | Dewey Decimal Classification | ||||||
| 2013-03-14 | Not For Loan | 624.18341 WJR | 1 | 2013-03-14 | مكتبة مجمع الكليات بالزلفى - طلاب (SZM) | 00305248 | مكتبة مجمع الكليات بالزلفى - طلاب (SZM) | 2013-03-14 | كتاب | Dewey Decimal Classification | |||||
| 2013-03-14 | 624.18341 WJR | 2 | 2013-03-14 | مكتبة مجمع الكليات بالزلفى - طلاب (SZM) | 00305249 | مكتبة مجمع الكليات بالزلفى - طلاب (SZM) | 2013-03-14 | كتاب | Dewey Decimal Classification |
